Statistics for FIFA World Cup Top 4 Positions

Click here to take the quiz!

General Stats

  • This quiz has been taken 346,404 times
    (126,763 since last reset)
  • The average score is 21 of 26

Answer Stats

Answer% Correct
Argentina
99%
France
99%
Brazil
98%
Germany
97%
West Germany
97%
Spain
96%
Croatia
94%
England
94%
Italy
94%
Uruguay
91%
Netherlands
89%
Morocco
88%
Portugal
88%
Belgium
85%
Soviet Union
80%
United States
80%
Sweden
73%
Chile
66%
Poland
66%
South Korea
64%
Hungary
60%
Turkey
60%
Austria
54%
Czechoslovakia
54%
Yugoslavia
47%
Bulgaria
43%

Score Distribution

Percentile by Number Answered

Percent of People with Each Score

Your Score History

You have not taken this quiz since the last reset